00339 a2200109 450000100060000008200120000610000780001824500700009626000260016630000140019250000230020692288 aPR 2530 aMuhammad Hassan Naeem; Dr. Jahanzeb Burki and Dr. Azhar Hassan (Advisors) adevelopment of Synthetic Apperture Radar (SAR for PAF)n78 "B" EC aIslamabadbNUSTc2015 axiii,83p. aBE Project Reports